000
00289nam a22001337a 4500
008
170608b xxu||||| |||| 00| 0 eng d
020
_a
2900078127518
041
_a
eng
080
_2
14TH
_a
327
100
_a
18
101
_a
SHP
245
_a
TAKING SIDES
_c
ROURKE, J.T
942
_2
udc
_c
BK
999
_c
16446
_d
16446